Porady o pláne bibliografických prác

Správa o pracovnej porade poriadanej Maticou slovenskou 9.7.1954 v Bratislave o slovenskej národnej bibliografii uvádza účastníkov porady, stručné obsahy referátov dr. Rosenbauma a J. Štefánika, priebeh diskusie a ustanovenie komisií

Bibliographic Details
Format: Article
Language:Slovak
Subjects:
Online Access:plný text

MARC

LEADER 00000nab a2200000 4500
001 vtls008693683
003 SK-MaSNL
005 20260303073910.0
008 140301 1954 xo p 000 0 slo
015 |a SNBRRBDKK190120XX 
035 |a CLAS02vtls000013878 
040 |a SNKBUDKK  |b slo  |c SNKBUDKK  |e AACR2 
041 0 |a slo 
044 |a xo  |c SK 
080 |a 01.008.4  |2 1997 
245 0 0 |a Porady o pláne bibliografických prác 
500 |a Rubrika: Zprávy 
520 2 |a Správa o pracovnej porade poriadanej Maticou slovenskou 9.7.1954 v Bratislave o slovenskej národnej bibliografii uvádza účastníkov porady, stručné obsahy referátov dr. Rosenbauma a J. Štefánika, priebeh diskusie a ustanovenie komisií 
650 0 7 |a slovenská národná bibliografia  |x porady  |y 9.7.1954  |z Bratislava (Slovensko)  |x správy  |2 snkbudkk  |9 1076191 
773 0 |t Knižnica : časopis pre knižnú kultúru  |g Roč. 6, č. 3 (1954), s. 126 
850 |a Slovenská národná knižnica v Martine 
852 |a SNK  |b KIS3GCP 
856 4 1 |u http://www.viks.sk/dkk/kniznica1954_126a.doc  |y plný text 
910 |a bdkk  |a memoriask 
999 |c 1769521  |d 1771451